000 01569cam a22002294a 4500
005 20250605164024.0
008 250528s ||||||||||||||||||||||||d
035 _a16467
020 _a669052671
040 _aGR-AtMCL
_bgre
_dGR-AtMCL
_eAACR2
245 1 _aThe American Pageant / A History of the Republic; Volume II
250 _a7th
260 _bD.C. Heath And Company,
_c1983
300 _a994
505 0 _aThe Order of Reconstruction, Politics in the Gilded Age - 1869-1889, Industry Comes of Age - 1865-1900, New Social and Cultural Horizons - 1865-1900, The Path of Empire, Progressivism and the Republican Roosevelt, Woodrow Wilson and the New Freedom, The Road to World War I, Making and Unmaking the Peace, The Great Depression and the New Deal, America in World War II, Korea and the Eisenhower Era, The Rise and Fall of Richard Nixon, The American People Since World War II, Color Portfolios, Index.
520 _aThe Order of Reconstruction, Politics in the Gilded Age - 1869-1889, Industry Comes of Age - 1865-1900, New Social and Cultural Horizons - 1865-1900, The Path of Empire, Progressivism and the Republican Roosevelt, Woodrow Wilson and the New Freedom, The Road to World War I, Making and Unmaking the Peace, The Great Depression and the New Deal, America in World War II, Korea and the Eisenhower Era, The Rise and Fall of Richard Nixon, The American People Since World War II, Color Portfolios, Index.
700 1 _aBailey Thomas A.
_9857
700 1 _aKennedy David M
_9858
942 _cBK
999 _c1965
_d1965